A szezonalitás hatása az utazási irodák kínálatára

Bibliográfiai részletek
Szerző: Schmidt Zsófia
További közreműködők: Horváth Vanda
Dokumentumtípus: Projektmunka
Kulcsszavak:fogyasztói szokások
külföldi utazások
szezonalitás
turizmus
utazási irodák
Online Access:http://dolgozattar.uni-bge.hu/60047

MARC

LEADER 00000nnm a2200000 i 4500
001 dolg60047
005 20260409145921.0
008 260409suuuu hu o 000 hun d
040 |a BGE Dolgozattár Repozitórium  |b hun 
041 |a hu 
100 1 |a Schmidt Zsófia 
245 1 2 |a A szezonalitás hatása az utazási irodák kínálatára  |c Schmidt Zsófia  |h [elektronikus dokumentum] 
516 |a Project_work 
520 3 |a Projektmunkám témája a szezonalitás hatása az utazási irodák kínálatára. Szakmai gyakorlatomat egy utazási irodában töltöttem és nap mint nap láttam, hogy milyen döntések befolyásolják az embereket az utazási döntésükben. Érdekesnek tartottam megvizsgálni, hogy a szezonalitás mekkora mértékben és hogyan befolyásolja az utasokat, mik jelenleg a fogyasztói szokások. Továbbá szerettem volna bemutatni, hogy hogyan is lehet mérsékelni ezeket a hatásokat. A munkámnak köszönhetően betekintést nyertem egy utazási iroda mindennapjaiba, ezért szerettem volna részletesen utána járni, hogy milyen működési feltételei vannak és milyen tevékenységeket végezhet. 
695 |a fogyasztói szokások 
695 |a külföldi utazások 
695 |a szezonalitás 
695 |a turizmus 
695 |a utazási irodák 
700 1 |a Horváth Vanda  |e ths 
856 4 0 |u http://dolgozattar.uni-bge.hu/60047/1/Schmidt_Zs%C3%B3fia_I887MU_Projektmunka.pdf  |z Dokumentum-elérés 
856 4 0 |u http://dolgozattar.uni-bge.hu/60047/2/B%C3%ADr%C3%A1lati%20lap_FOSZK_SchmidtZsofia_HV.pdf  |z Dokumentum-elérés